Online katalóg knižníc regiónu Turca

Tri ohnivé kone (Record no. 21586)

MARC details
000 -LEADER
fixed length control field 02134cam a2200577 a 4500
001 - CONTROL NUMBER
control field 21586
003 - CONTROL NUMBER IDENTIFIER
control field VRT
005 - DATE AND TIME OF LATEST TRANSACTION
control field 20260306125207.0
008 - FIXED-LENGTH DATA ELEMENTS--GENERAL INFORMATION
fixed length control field 240509s1990 xo af jr 000 j slo
015 ## - NATIONAL BIBLIOGRAPHY NUMBER
National bibliography number SNBA1990/10
020 ## - INTERNATIONAL STANDARD BOOK NUMBER
International Standard Book Number 8006002975
035 ## - SYSTEM CONTROL NUMBER
System control number SNK000006284
035 ## - SYSTEM CONTROL NUMBER
System control number urn:nbn:sk:snk-amlgyg
035 ## - SYSTEM CONTROL NUMBER
System control number urn:nbn:sk:snk-am00bp4a
035 ## - SYSTEM CONTROL NUMBER
System control number 3D27292A-A1FB-4BE2-9D7B-1B8441E824EF
039 #9 - LEVEL OF BIBLIOGRAPHIC CONTROL AND CODING DETAIL [OBSOLETE]
Level of rules in bibliographic description 202405091459
Level of effort used to assign nonsubject heading access points VLOAD
Level of effort used to assign subject headings 202402261535
Level of effort used to assign classification VLOAD
Level of effort used to assign subject headings 202310231031
Level of effort used to assign classification msnk160
Level of effort used to assign subject headings 202310231031
Level of effort used to assign classification msnk160
040 ## - CATALOGING SOURCE
Original cataloging agency SNK
Language of cataloging slo
Transcribing agency SNK
Description conventions AACR2
041 0# - LANGUAGE CODE
Language code of text/sound track or separate title slo
044 ## - COUNTRY OF PUBLISHING/PRODUCING ENTITY CODE
MARC country code xo
ISO country code SK
072 #7 - SUBJECT CATEGORY CODE
Subject category code 821.162.4-3
Subject category code subdivision Slovenská próza
Source konspekt
072 #7 - SUBJECT CATEGORY CODE
Subject category code 821-93
Subject category code subdivision Literatúra pre deti a mládež (beletria)
Source skonspekt
080 ## - UNIVERSAL DECIMAL CLASSIFICATION NUMBER
Universal Decimal Classification number 82=025
Edition identifier 2011
080 ## - UNIVERSAL DECIMAL CLASSIFICATION NUMBER
Universal Decimal Classification number 821.162.4-34
Edition identifier 2001
080 ## - UNIVERSAL DECIMAL CLASSIFICATION NUMBER
Universal Decimal Classification number 821-34
Edition identifier 2011
080 ## - UNIVERSAL DECIMAL CLASSIFICATION NUMBER
Universal Decimal Classification number 821.214.58-34
Edition identifier 2001
080 ## - UNIVERSAL DECIMAL CLASSIFICATION NUMBER
Universal Decimal Classification number (0.025.2)
Edition identifier 2011
080 ## - UNIVERSAL DECIMAL CLASSIFICATION NUMBER
Universal Decimal Classification number 82-93-053.4/.5
Edition identifier 2011
100 1# - MAIN ENTRY--PERSONAL NAME
Personal name Berky-Ľuborecký, Ján,
Dates associated with a name 1940-2004
Relationship aut
245 10 - TITLE STATEMENT
Title Tri ohnivé kone
Statement of responsibility, etc. Ján Berky, Ondrej Sliacky ; [cigánsku ľudovú rozprávku na námet Jána Berkyho napísal Jozef Sliacky ; ilustroval Ondrej Zimka]
250 ## - EDITION STATEMENT
Edition statement 1. vyd.
260 ## - PUBLICATION, DISTRIBUTION, ETC.
Place of publication, distribution, etc. Bratislava
Name of publisher, distributor, etc. Mladé letá
Date of publication, distribution, etc. 1990
300 ## - PHYSICAL DESCRIPTION
Extent [12] nečíslovaných strán
Other physical details farebné ilustrácie
Dimensions 32 cm
490 1# - SERIES STATEMENT
Series statement Leporelá
521 ## - TARGET AUDIENCE NOTE
Target audience note Pre najmenších
650 07 - SUBJECT ADDED ENTRY--TOPICAL TERM
Topical term or geographic name entry element literárne adaptácie
Source of heading or term SNKPH
655 #7 - INDEX TERM--GENRE/FORM
Genre/form data or focus term slovenské ľudové rozprávky
Source of term SNKPH
655 #7 - INDEX TERM--GENRE/FORM
Genre/form data or focus term rómske rozprávky
Source of term SNKPH
655 #7 - INDEX TERM--GENRE/FORM
Genre/form data or focus term leporelá
Source of term SNKPH
655 #7 - INDEX TERM--GENRE/FORM
Genre/form data or focus term literatúra pre deti
Source of term SNKPH
655 #7 - INDEX TERM--GENRE/FORM
Genre/form data or focus term ilustrované publikácie
Source of term SNKPH
700 1# - ADDED ENTRY--PERSONAL NAME
Personal name Zimka, Ondrej,
Dates associated with a name 1937-
Relationship ill
700 1# - ADDED ENTRY--PERSONAL NAME
Personal name Sliacky, Ondrej,
Dates associated with a name 1941-
Relationship aut
830 #0 - SERIES ADDED ENTRY--UNIFORM TITLE
Uniform title Leporelá
942 ## - ADDED ENTRY ELEMENTS (KOHA)
Source of classification or shelving scheme Dewey Decimal Classification
Koha item type Krásna literatúra pre deti
Suppress in OPAC No
949 ## - LOCAL PROCESSING INFORMATION (OCLC)
6 17A0149727
a snkSB 47580 D1
949 ## - LOCAL PROCESSING INFORMATION (OCLC)
6 3870A15133
a binBIB 91/020
b bin15133
949 ## - LOCAL PROCESSING INFORMATION (OCLC)
6 273K0258279
a svkpoC 24190
b svkpo372880
o PV 488/91
p Miesto uloženia dokumentu: ŠTUDOVŇA ROMISTIKY
s 6719:20140922
949 ## - LOCAL PROCESSING INFORMATION (OCLC)
6 17A0873657
a snkSB 47580
b snkKSP 545/91
s 6100:20160606
949 ## - LOCAL PROCESSING INFORMATION (OCLC)
6 3870A03633
a binNKDK 90/06
b bin3633
Holdings
Stav vyradenia Strata Poškodenie Spôsob nadobudnutia Domovská knižnica Aktuálna knižnica Dátum nadobudnutia Total checkouts Čiarový kód exemplára Date last seen Typ exemplára
      Dar Obecná knižnica Horná Štubňa Obecná knižnica Horná Štubňa 06.03.2026   4736201650 06.03.2026 Krásna literatúra pre deti
Projekt je podporený Slovenskou asociáciou knižníc
Prevádzkuje Turčianska knižnica Martin 2026